Journal of Arts and Contemporary Society (Record no. 37223)

MARC details
000 -LEADER
fixed length control field 00495nam a2200145Ia 4500
022 ## - INTERNATIONAL STANDARD SERIAL NUMBER
ISSN 2277-0046
050 ## - CALL MARK
Classification number HN831 .J68/
245 ## - TITLE STATEMENT
Title Journal of Arts and Contemporary Society
250 ## - EDITION / VOLUME STATEMENT
Edition / Volume statement Vol. 16, No. 1
260 ## - PUBLICATION, DISTRIBUTION, ETC. (IMPRINT)
Place of publication Port-harcourt, Nigeria
Name of publisher Centre for Promotion of Educational and Scientific Research
Year of publication 2024
300 ## - PHYSICAL DESCRIPTION
Number of Pages 61 p. :ill. ; 28 cm.
650 ## - SUBJECT ADDED ENTRY--TOPICAL TERM
Topical Term Nigeria--Social conditions--Periodicals Nigeria--Social life and customs--Periodicals
942 ## - ADDED ENTRY ELEMENTS (KOHA)
Koha item type Serials
Source of classification Library of Congress Classification

No items available.